Caracterización de las agroindustrias en Honduras
Enregistré dans:
| Auteur principal: | |
|---|---|
| Format: | Texte |
| Publié: |
Tegucigalpa :
|
| Tags: |
Ajouter un tag
Pas de tags, Soyez le premier à ajouter un tag!
|
MARC
| LEADER | 00000 a a2200000 04500 | ||
|---|---|---|---|
| 001 | 16303 | ||
| 003 | |||
| 040 | |||
| 090 | |a 012900 | ||
| 100 | |a Britos de Paéz, Adela | ||
| 245 | |a Caracterización de las agroindustrias en Honduras | ||
| 260 | |a Tegucigalpa : | ||
| 300 | |a 15 p. | ||
| 999 | |c 11802 |d 11802 | ||
